01009nas a22003254a 4500001000800000005001700008008004100025022001400066040001200080041000800092082001100100245003400111260005400145362001400199500005800213650004300271650001800314650002800332650002200360650002100382650001900403650003100422650001100453700004200464700003200506700003400538700004000572700003600612700003500648ESSALUD20260702105839.0 m20092018pe qr r 0 0 spa d a3119-7671 aESSALUD aspa aPRACIV aPraxis Civil & Procesal Civil aLimabGrupo Praxis Formación Profesional, 2026- aBimestral aDescripción basada en: N° 1, Año 1 (enero 2026)  aDERECHO / ANÁLISIS, INTERPRETACIÓN aDERECHO CIVIL aDERECHO PROCESAL CIVIL  aDERECHO REGISTRAL aDERECHO NOTARIAL aJURISPRUDENCIA aPUBLICACIONES PERIÓDICAS aPERÚ aTorres Carrasco, Manuel Alberto, dir. aCastillo Freyre, Mario, dir aEspinoza Espinoza, Juan, dir. aLohmann Luca De Tena, Juan G., dir. aVarsi Rospigliosi, Enrique, dir aVidal Ramírez, Fernando, dir